Ordenanza general de construcciones y urbanización

Αποθηκεύτηκε σε:
Λεπτομέρειες βιβλιογραφικής εγγραφής
Κύριοι συγγραφείς: Brieva Alvarado, Amador (Συγγραφέας), Bastías Romo, Lionel (Συγγραφέας)
Μορφή: Βιβλίο
Γλώσσα:Ισπανικά
Έκδοση: Santiago Jurídica de Chile 1978
Έκδοση:2a. ed
Σειρά:Textos Legales, 42
Θέματα:
Ετικέτες: Προσθήκη ετικέτας
Δεν υπάρχουν, Καταχωρήστε ετικέτα πρώτοι!

MARC

LEADER 00000nam a2200000 a 4500
001 UCU2513
003 CL-VaPUC
008 960426e19781000CL |||||||||||||||||spa|d
082 0 4 |a 346.83044  |b BRI  |2 21 
100 0 |a Brieva Alvarado, Amador  |e author  |9 358719 
700 0 |a Bastías Romo, Lionel  |e author  |9 358720 
245 1 0 |a Ordenanza general de construcciones y urbanización 
250 |a 2a. ed 
300 |a 254 p 
942 |c BK 
945 |d 19960426 00:00:00  |a cmena 
260 |a Santiago  |b Jurídica de Chile  |c 1978 
650 0 |a Construcción  |9 260195 
650 7 |a TECNOLOGIA DE LA CONSTRUCCION  |2 CL-VaPUC  |9 260196 
650 0 |a Control de calidad   |9 259714 
650 0 |a Urbanización   |9 265706 
650 0 |a Planificación urbana   |9 258176 
650 0 |a Aspectos legales  |9 323328 
583 |a last modification  |c 19960426 00:00:00  |k Rodrigo Vera 
490 0 |a Textos Legales, 42 
999 |c 246787  |d 246785